banner-ar

الذكاء الاصطناعى وتطبيقاته فى التدريس والإدارة التعليمية / (Record no. 67672)

MARC details
000 -الفاتح
حقل البيانات ثابتة الطول 01044nam a2200241Ia 4500
005 - وقت وتاريخ اخر تعامل مع التسجيلة
رقم الضبط 20250622124037.0
008 - عناصر البيانات ثابتة الطول - معلومات عامة
حقل البيانات ثابتة الطول 250617s9999||||xx |||||||||||||| ||ara||
017 ## - رقم الايداع القانونى
رقم الايداع القانونى 31680
المصدر ( الهيئة المختصة) مصر. دار الكتب
020 ## - الرقم الدولى المعيارى للكتب
الرقم الدولى المعيارى للكتاب 9789778812862
082 04 - رقم تصنيف ديوى العشرى
رقم التصنيف "371,334"
رقم المادة ب ذ
100 0# - المدخل الرئيسى - إسم شخصى
الإسم الشخصى بسمة عبد الرحمن جبر محمد
245 10 - بيان العنوان
العنوان الذكاء الاصطناعى وتطبيقاته فى التدريس والإدارة التعليمية /
بيان المسئوليه,etc "إعداد بسمة عبد الرحمن جبر محمد ، محمد فتحى عبد الرحمن أحمد"
250 ## - بيان الطبعة
بيان الطبعة ط1
260 3# - PUBLICATION, DISTRIBUTION, ETC. (IMPRINT)
تاريخ النشر أو التوزيع 2025.
300 ## - الوصف المادى
التعداد 326ص ؛
تفاصيل ماديه اخرى للوعاء
أبعاد الوعاء 24سم.
650 ## - المدخل الاضافى بالموضوع-مصطلح موضوعى
مصطلح موضوعي التخطيط التربوى
650 ## - المدخل الاضافى بالموضوع-مصطلح موضوعى
مصطلح موضوعي التعليم
التقسيم الفرعي العام مناهج
650 ## - المدخل الاضافى بالموضوع-مصطلح موضوعى
مصطلح موضوعي التعليم
التقسيم الفرعي العام وسائل سمعية وبصرية
650 ## - المدخل الاضافى بالموضوع-مصطلح موضوعى
مصطلح موضوعي تكنولوجيا التعليم
700 0# - المدخل الاضافى - اسم شخصى
الإسم الشخصى محمد فتحى عبد الرحمن أحمد
الدور معد مشارك
942 ## - عناصر المدخل الإضافي( كوها)
Koha [default] item type كتاب
260 3# - PUBLICATION, DISTRIBUTION, ETC. (IMPRINT)
-- القاهرة :
-- "دار العلا للنشر والتوزيع,"
Holdings
حالة التراجع حالة الفقد حالة تلف ليس للاعارة المكان المؤقت الموقع الحالى موقع الترفيف تاريخ الاكتساب اجمالي اﻻعارات تاريخ اخر مشاهدة تاريخ تفعيل السعر نوع وعاء كوها
        مكتبة القاهرة الكبرى مكتبة القاهرة الكبرى القاعة الرئيسية 06/22/2025   06/22/2025 06/22/2025 كتاب

Powered By

EGPV